[Event "Championnat de France - Accession"]
[Site "Pau"]
[Date "2008.08.23"]
[Round "11.17"]
[White "Rabeyrin, Jean-Jacques"]
[Black "Rabineau, Clement"]
[Result "1-0"]
[WhiteElo "2302"]
[BlackElo "2234"]
[PlyCount "78"]

1. e4 c5 2. Nf3 Nc6 3. d4 cxd4 4. Nxd4 g6 5. Nc3 Bg7 6. Be3 Nf6 7. Nxc6 bxc6 8.
e5 Ng8 9. Bd4 Qa5 10. Bc4 f6 11. exf6 Nxf6 12. O-O d5 13. Bb3 Rf8 14. Re1 Rf7
15. Na4 Rb8 16. f3 Nh5 17. Bxg7 Nxg7 18. c4 Bd7 19. Rc1 e6 20. cxd5 cxd5 21.
Nc5 Kf8 22. Kh1 Kg8 23. Nd3 Be8 24. Rc5 Qd8 25. Qd2 Rc7 26. Rxc7 Qxc7 27. Rc1
Qd6 28. Qa5 Bb5 29. Nf2 a6 30. Qd2 Rf8 31. Ng4 Nf5 32. Re1 Bd7 33. Ne5 Ng7 34.
Bc2 Rc8 35. Bd3 Bb5 36. Bb1 Qc7 37. Ng4 Nf5 38. Bxf5 exf5 39. Qxd5+ Qf7 1-0

[Event "Championnat de France - Accession"]
[Site "Pau"]
[Date "2008.08.23"]
[Round "11.18"]
[White "Houriez, Clement"]
[Black "Berthier, Hugo"]
[Result "1/2-1/2"]
[WhiteElo "2276"]
[BlackElo "2157"]
[PlyCount "55"]

1. e4 e5 2. Nf3 Nc6 3. Bb5 a6 4. Ba4 Nf6 5. d3 b5 6. Bb3 Be7 7. O-O d6 8. c3
O-O 9. Re1 Na5 10. Bc2 c5 11. Nbd2 Nc6 12. Nf1 Re8 13. h3 Bf8 14. Bg5 Bd7 15.
Qd2 Rc8 16. Red1 h6 17. Bh4 Be7 18. Bxf6 Bxf6 19. Bb3 Be6 20. Ne3 Bg5 21. Bxe6
Rxe6 22. Qe2 Bxe3 23. Qxe3 Re7 24. d4 cxd4 25. cxd4 Rd7 26. Rac1 Rdc7 27. dxe5
Nxe5 28. Rxc7 1/2-1/2

[Event "Championnat de France - Accession"]
[Site "Pau"]
[Date "2008.08.23"]
[Round "11.19"]
[White "Daurelle, Herve"]
[Black "Villegas, Pierre"]
[Result "1-0"]
[WhiteElo "2253"]
[BlackElo "2105"]
[PlyCount "97"]

1. e4 c5 2. Nf3 d6 3. d4 cxd4 4. Nxd4 Nf6 5. Nc3 a6 6. Bg5 e6 7. f4 Qc7 8. Qf3
b5 9. Bxf6 gxf6 10. O-O-O b4 11. Nce2 Bb7 12. Ng3 Nd7 13. Qh5 Nc5 14. f5 O-O-O
15. fxe6 fxe6 16. Qh3 Qd7 17. Bc4 d5 18. exd5 Bxd5 19. Ndf5 Qc6 20. Ne3 Bxc4
21. Rxd8+ Kxd8 22. Nxc4 Be7 23. Ne2 Kc8 24. Qg4 h5 25. Qg7 Qe8 26. Qg3 Qb5 27.
b3 Rd8 28. Rd1 Rxd1+ 29. Kxd1 Qd7+ 30. Kc1 Qd8 31. Qf3 Qc7 32. Qxh5 Kd7 33. g3
Qb7 34. Nf4 Qe4 35. Qe2 Qxe2 36. Nxe2 e5 37. c3 Ne4 38. Kc2 Kc6 39. cxb4 Bxb4
40. a3 Bf8 41. b4 Kd5 42. Ne3+ Kc6 43. Nc3 Nd6 44. g4 Bh6 45. Nf5 Nxf5 46. gxf5
Bg5 47. Kd3 Bc1 48. a4 Ba3 49. Kc4 1-0

[Event "Championnat de France - Accession"]
[Site "Pau"]
[Date "2008.08.23"]
[Round "11.20"]
[White "Wunderman, Xavier"]
[Black "Rouler, Charly"]
[Result "0-1"]
[WhiteElo "2182"]
[BlackElo "2326"]
[PlyCount "71"]

1. e4 c5 2. Nc3 a6 3. Nf3 e6 4. d4 cxd4 5. Nxd4 b5 6. Be3 Bb7 7. Bd3 Qc7 8. O-O
Nf6 9. a3 b4 10. axb4 Bxb4 11. Na4 d5 12. e5 Ne4 13. c3 Be7 14. b4 Nd7 15. f3
Nxc3 16. Qc2 Qxe5 17. Rfe1 Nxa4 18. Qxa4 Qd6 19. Nf5 Qxb4 20. Nxg7+ Kd8 21.
Rec1 Qxa4 22. Rxa4 h5 23. Bd4 e5 24. Bc3 Bc5+ 25. Kf1 Ke7 26. Bf5 Bc6 27. Rh4
Bb5+ 28. Ke1 Rhg8 29. Bxd7 Kxd7 30. Bxe5 Rac8 31. Kd1 Be3 32. Rc3 Bg5 33. Rxh5
f6 34. Rxc8 Kxc8 35. Ne6 Be8 36. Bxf6 0-1

[Event "Championnat de France - Accession"]
[Site "Pau"]
[Date "2008.08.23"]
[Round "11.21"]
[White "Gertosio, Franck"]
[Black "Pietrasanta, Jeremy"]
[Result "0-1"]
[WhiteElo "1983"]
[BlackElo "2301"]
[PlyCount "118"]

1. e4 g6 2. d4 Bg7 3. Be3 d6 4. Nc3 a6 5. Qd2 b5 6. Bd3 Bb7 7. Nge2 Nd7 8. f3
c5 9. dxc5 dxc5 10. Nf4 Ngf6 11. g4 e5 12. Ng2 h5 13. gxh5 Nxh5 14. O-O-O Nhf6
15. Bg5 c4 16. Bf1 b4 17. Nd5 Bxd5 18. Qxd5 Nxd5 19. Bxd8 N5b6 20. Bg5 a5 21.
h4 Rc8 22. Kb1 a4 23. Be3 Ke7 24. Bf2 Bh6 25. Ne3 Bxe3 26. Bxe3 c3 27. Bh3 Rc6
28. Bxd7 Nxd7 29. Rd5 Rhc8 30. Rhd1 R8c7 31. Rb5 cxb2 32. Rxb4 a3 33. Rb3 Rxc2
34. Rxa3 f5 35. Bg5+ Ke6 36. Ra6+ R7c6 37. Ra7 Nf6 38. exf5+ gxf5 39. Rd2 R2c3
40. Rf2 Nd5 41. Rb7 f4 42. Kxb2 Ne3 43. Rd2 Nf5 44. Rd8 Rxf3 45. Re8+ Kd6 46.
Rf7 Nd4 47. Rf6+ Kd5 48. Rxc6 Nxc6 49. h5 Rh3 50. h6 f3 51. Rf8 e4 52. Rf7 Kd4
53. Rf4 Rh2+ 54. Kb3 Kd3 55. a4 Nd4+ 56. Kb4 e3 57. Bf6 Nc2+ 58. Kc5 e2 59.
Rxf3+ Ke4 0-1

[Event "Championnat de France - Accession"]
[Site "Pau"]
[Date "2008.08.23"]
[Round "11.22"]
[White "Tarchichi, Paul"]
[Black "Song, Julien"]
[Result "1/2-1/2"]
[WhiteElo "2153"]
[BlackElo "2236"]
[PlyCount "25"]

1. d4 f5 2. Nc3 Nf6 3. g4 Nxg4 4. e4 e5 5. exf5 Qh4 6. Nh3 Be7 7. Nd5 Bd8 8.
Bg5 Bxg5 9. Nxc7+ Kd8 10. Ne6+ Ke8 11. Nc7+ Kf8 12. Ne6+ Ke8 13. Nc7+ 1/2-1/2

[Event "Championnat de France - Accession"]
[Site "Pau"]
[Date "2008.08.23"]
[Round "11.23"]
[White "Mandon, Fabrice"]
[Black "Camus, Berenger"]
[Result "1/2-1/2"]
[WhiteElo "2221"]
[BlackElo "2194"]
[PlyCount "46"]

1. e4 c5 2. Nf3 Nc6 3. d4 cxd4 4. Nxd4 Nf6 5. Nc3 e5 6. Ndb5 d6 7. Bg5 a6 8.
Na3 b5 9. Bxf6 gxf6 10. Nd5 Bg7 11. c3 f5 12. Bd3 Ne7 13. Nxe7 Qxe7 14. O-O O-O
15. Nc2 d5 16. exf5 e4 17. Be2 Bxf5 18. Qxd5 Bg6 19. Rad1 Rad8 20. Qc6 f5 21.
f4 Rf6 22. Rxd8+ Qxd8 23. Qc5 Rd6 1/2-1/2

[Event "Championnat de France - Accession"]
[Site "Pau"]
[Date "2008.08.23"]
[Round "11.24"]
[White "Frederic, Clement"]
[Black "Forgues, Fabien"]
[Result "1/2-1/2"]
[WhiteElo "2209"]
[BlackElo "2187"]
[PlyCount "22"]

1. e4 e5 2. Nf3 Nc6 3. Nc3 Nf6 4. Bb5 Bb4 5. O-O O-O 6. d3 d6 7. Bg5 Bxc3 8.
bxc3 h6 9. Bc1 a6 10. Bc4 Na5 11. Bb3 Nxb3 1/2-1/2

[Event "Championnat de France - Accession"]
[Site "Pau"]
[Date "2008.08.23"]
[Round "11.25"]
[White "Crouan, Stephane"]
[Black "Heinis, Vincent"]
[Result "1/2-1/2"]
[WhiteElo "2224"]
[BlackElo "2116"]
[PlyCount "26"]

1. e4 e6 2. d4 d5 3. Nc3 Nc6 4. e5 f6 5. Nf3 fxe5 6. dxe5 Nh6 7. Bd3 Nf7 8. Qe2
Be7 9. h4 Nb4 10. Ng5 Nxd3+ 11. cxd3 O-O 12. f4 c5 13. Bd2 b5 1/2-1/2

[Event "Championnat de France - Accession"]
[Site "Pau"]
[Date "2008.08.23"]
[Round "11.26"]
[White "Remille, Tristan"]
[Black "Stephan, Victor"]
[Result "1-0"]
[WhiteElo "2185"]
[BlackElo "2152"]
[PlyCount "95"]

1. d4 Nf6 2. c4 g6 3. Nc3 Bg7 4. e4 d6 5. Be2 O-O 6. Nf3 e5 7. O-O Nc6 8. d5
Ne7 9. Ne1 Nd7 10. Nd3 f5 11. Bd2 Nf6 12. f3 f4 13. c5 g5 14. Rc1 Rf7 15. Nb5
Ng6 16. Ba5 b6 17. cxd6 bxa5 18. dxc7 Qf8 19. Qd2 Ne8 20. Qxa5 Qe7 21. Rfd1 Bf8
22. Nc5 Nd6 23. Nxd6 Qxd6 24. Ne6 Qb6+ 25. Qxb6 axb6 26. Bb5 Ra7 27. Nxf8 Nxf8
28. d6 Nd7 29. Bxd7 Rxd7 30. Rc6 Ra6 31. a4 Kf7 32. b4 Ke6 33. b5 Rxa4 34. Rxb6
Ra7 35. h3 Rb7 36. Ra6 Rxb5 37. Ra8 Rxd6 38. Rxd6+ Kxd6 39. Rxc8 Rb7 40. Rd8+
Kxc7 41. Rd5 Rb6 42. Rxe5 h6 43. Kh2 Rg6 44. Rf5 Kd6 45. h4 Ke6 46. Kh3 gxh4
47. Rxf4 Ke5 48. Rg4 1-0

[Event "Championnat de France - Accession"]
[Site "Pau"]
[Date "2008.08.23"]
[Round "11.27"]
[White "Guennoun, Anthony"]
[Black "Netzer, Jacques"]
[Result "1/2-1/2"]
[WhiteElo "2178"]
[BlackElo "2116"]
[PlyCount "30"]

1. e4 c5 2. Nf3 e6 3. d4 cxd4 4. Nxd4 Nc6 5. Nc3 Qc7 6. g3 a6 7. Bg2 d6 8. O-O
Bd7 9. f4 Be7 10. f5 Nf6 11. fxe6 fxe6 12. Bh3 Nxd4 13. Qxd4 O-O 14. Qd3 b5 15.
a3 Rac8 1/2-1/2

[Event "Championnat de France - Accession"]
[Site "Pau"]
[Date "2008.08.23"]
[Round "11.28"]
[White "Lacroix, Romain"]
[Black "Amoyal, Pierre"]
[Result "1-0"]
[WhiteElo "2131"]
[BlackElo "2175"]
[PlyCount "82"]

1. e4 e5 2. Nf3 Nc6 3. Bb5 a6 4. Bxc6 dxc6 5. O-O Be7 6. Nxe5 Qd4 7. Nf3 Qxe4
8. Nc3 Qf5 9. Re1 Bd7 10. Re5 Qg6 11. Qe2 f6 12. Re4 Qf7 13. Nd4 O-O-O 14. Ne6
Re8 15. d4 f5 16. Re5 h6 17. Nc5 Bxc5 18. Rxe8+ Qxe8 19. Qxe8+ Bxe8 20. dxc5
Nf6 21. Be3 Bd7 22. Bd4 Rf8 23. f4 Nh5 24. g3 g5 25. Be5 Rg8 26. Kf2 gxf4 27.
gxf4 Rg4 28. Ne2 Be6 29. Rg1 Rh4 30. Rg6 Rxh2+ 31. Ke3 Bc4 32. Nd4 Rh3+ 33. Kf2
Bd5 34. Rxh6 Rh2+ 35. Ke3 Rh3+ 36. Kd2 a5 37. Nxf5 Rh2+ 38. Kc3 Be4 39. Rh8+
Kd7 40. Rh7+ Kd8 41. Bxc7+ Ke8 1-0

[Event "Championnat de France - Accession"]
[Site "Pau"]
[Date "2008.08.23"]
[Round "11.29"]
[White "Dubessay, Bastien"]
[Black "Metzger, Clement"]
[Result "1/2-1/2"]
[WhiteElo "2131"]
[BlackElo "2179"]
[PlyCount "25"]

1. d4 g6 2. c4 Bg7 3. e4 d6 4. Nc3 e5 5. Nge2 Nc6 6. Be3 f5 7. d5 Nce7 8. f3
Nf6 9. Qd2 f4 10. Bf2 O-O 11. Nc1 g5 12. Nd3 Ng6 13. O-O-O 1/2-1/2

[Event "Championnat de France - Accession"]
[Site "Pau"]
[Date "2008.08.23"]
[Round "11.30"]
[White "Lecoq, Julien"]
[Black "Fejzovski, Enver"]
[Result "1/2-1/2"]
[WhiteElo "2160"]
[BlackElo "2148"]
[PlyCount "29"]

1. e4 e5 2. Nf3 Nf6 3. Nxe5 d6 4. Nf3 Nxe4 5. d4 d5 6. Bd3 Be7 7. O-O O-O 8.
Re1 Nf6 9. Ne5 c5 10. dxc5 Bxc5 11. Nc3 Nc6 12. Nxc6 bxc6 13. h3 Bd6 14. Qf3 h6
15. Bf4 1/2-1/2

[Event "Championnat de France - Accession"]
[Site "Pau"]
[Date "2008.08.23"]
[Round "11.31"]
[White "Ryan, Martin"]
[Black "Adda, Olivier"]
[Result "0-1"]
[WhiteElo "2063"]
[BlackElo "2156"]
[PlyCount "80"]

1. d4 d5 2. c4 e6 3. cxd5 exd5 4. Nc3 Be7 5. Nf3 Nf6 6. Bg5 h6 7. Bxf6 Bxf6 8.
e3 O-O 9. b4 a5 10. Qb3 Be6 11. b5 c5 12. bxc6 Nxc6 13. Be2 a4 14. Qb5 Be7 15.
O-O Nb4 16. Bd1 Bf5 17. Ne5 f6 18. a3 Ra5 19. Qe2 fxe5 20. axb4 Bxb4 21. Qb2
Bxc3 22. Qxc3 exd4 23. exd4 b5 24. Bf3 Kh8 25. Qc5 Bd3 26. Rfe1 Bc4 27. Re6 Qc8
28. Qb6 Ra7 29. Rae1 Rb7 30. Qd6 Qb8 31. Qb4 Qf4 32. Re8 Rbf7 33. Rxf8+ Rxf8
34. Qe7 Bd3 35. Re3 Be4 36. Qc5 Bxf3 37. Rxf3 Re8 38. Qc3 Qxd4 39. Rf8+ Kh7 40.
Qc2+ Qe4 0-1

[Event "Championnat de France - Accession"]
[Site "Pau"]
[Date "2008.08.23"]
[Round "11.32"]
[White "Barj, Julien"]
[Black "Guerande, Pierre-Franck"]
[Result "1-0"]
[WhiteElo "2160"]
[BlackElo "2078"]
[PlyCount "41"]

1. e4 c5 2. Nf3 d6 3. d4 cxd4 4. Nxd4 Nf6 5. Nc3 a6 6. Be3 Nc6 7. f3 e6 8. Qd2
Qc7 9. g4 h5 10. g5 Nd7 11. g6 Nde5 12. gxf7+ Qxf7 13. O-O-O Nxd4 14. Qxd4 Nxf3
15. Qb6 Qd7 16. Nb5 Kf7 17. Nc7 Rb8 18. Bh3 Kg6 19. Rdf1 Ne5 20. Nxe6 Qe8 21.
Bf5+ 1-0